000 00548nam a2200181Ia 4500
999 _c13563
_d13563
003 OSt
005 20201022100800.0
008 190216s9999||||xx |||||||||||||| ||und||
020 _a5050024331
040 _coclc
082 _a891.7544
_bAIT/P
100 _aAitmatov, Chinghiz
_95786
245 0 _aPiebald Dog Running Along The Shore And Other Stories /
_cChinghiz Aitmatov
260 _bRaduga Publishers ,
_c1989.
_aMoscow:
300 _a437p
650 _aSpeeches
942 _cBK
_2ddc
_h891.7544
_iAIT/P
_k891.7544
_mAIT/P